| 000 | 01062nas a2200349 4500 | ||
|---|---|---|---|
| 001 | BR0202317 | ||
| 003 | BR-BrBNA | ||
| 005 | 20231205102932.0 | ||
| 007 | ta | ||
| 008 | 230509b bl.|||p| |||| 00| 00por d | ||
| 040 |
_aBR-BrBNA _bpor _cBiblioteca Nacional de Agricultura |
||
| 041 | _a(Pt) | ||
| 072 | _aP33; F08 | ||
| 100 | 1 | _aTeixeira, C.F.A. | |
| 100 | 1 | _aPauletto, E.A. | |
| 100 | 1 | _aSilva, J.B. da | |
| 100 | 1 | _aPalmeira, P.R.T. | |
| 245 | 1 | _aAtributos físicos da camada superficial de um argissolo amarelo distrófico típico por sistemas de cultivo em plantio direto | |
| 650 | _aAVEIA | ||
| 650 | _aSOJA | ||
| 650 | _aERVILHACA | ||
| 650 | _aMILHO | ||
| 650 | _aAZEVÉM | ||
| 650 | _aFEIJÃO | ||
| 650 | _aPROPRIEDADE FÍSICO-QUÍMICA | ||
| 650 | _aPLANTIO DIRETO | ||
| 650 | _aROTAÇÃO DE CULTURA | ||
| 650 | _aRIO GRANDE DO SUL | ||
| 773 | 0 |
_tRevista Brasileira de Agrociência (Brazil) _xISSN 0104-8996 _g(May-Aug 2000), v. 6(2) p. 176-180 _wBR0202317 |
|
| 909 |
_a202311 _bLúcia _c55 _dLúcia Elande |
||
| 942 |
_2AGRIS _n0 _cANA |
||
| 999 |
_c170155 _d170155 |
||